[Event "Russian Championship HL 2021_Men"]
[Site "?"]
[Date "2021.06.27"]
[Round "2.27"]
[White "Tsvetkov, Andrey"]
[Black "Nurachev, Abdul"]
[Result "1-0"]
[WhiteElo "2412"]
[BlackElo "1773"]
[Annotator ""]
[Source ""]
[Remark ""]

1.d4 d5 2.c4 e6 3.Nf3 Nf6 4.g3 Be7 5.Bg2 O-O 6.O-O dxc4 7.Ne5
Nc6 8.Bxc6 bxc6 9.Nxc6 Qe8 10.Nxe7+ Qxe7 11.Qc2 c5 12.Rd1 Rd8
13.dxc5 Rxd1+ 14.Qxd1 Bb7 15.Bg5 Rd8 16.Qe1 Qxc5 17.Bxf6 Qd5
18.f3 gxf6 19.Nc3 Qd2 20.Qxd2 Rxd2 21.Rb1 Bc6 22.Kf2 e5 23.Ke1
Rd4 24.Rc1 f5 25.Nb1 f4 26.Na3 e4 27.fxe4 fxg3 28.hxg3 Rxe4 29.Rxc4
Re6 30.Nb1 Kg7 31.Nc3 f5 32.b4 a6 33.Kf2 Kf6 34.Rc5 h5 35.a3
Kg5 36.Ra5 Bd7 37.e4 Rc6 38.Ne2 Rc2 39.Ke3 Bb5 40.Nd4 Rc3+ 41.Kf2
Rc4 42.Nxf5 Rxe4 43.Nd6 Rd4 44.Nxb5 axb5 45.Rxb5+ Kg4 46.Re5
Rc4 47.Re3 Rc2+ 48.Re2 Rc4 49.b5 Rc3 50.Re4+ Kf5 51.Re3 Rc4 52.b6
Rc2+ 53.Re2 Rc3 54.Rb2 h4 55.b7 1-0

[Event "Russian Higher League 2021"]
[Site "?"]
[Date "2021.06.28"]
[Round "3.1"]
[White "Ponkratov, Pavel"]
[Black "Sarana, Alexey"]
[Result "1-0"]
[WhiteElo "2627"]
[BlackElo "2640"]
[Annotator ""]
[Source ""]
[Remark ""]

1.e4 {[%clk 1:30:57]} c5 {[%clk 1:30:50]} 2.Nf3 {[%clk 1:31:24]}
d6 {[%clk 1:31:12]} 3.d4 {[%clk 1:31:51]} cxd4 {[%clk 1:31:38]}
4.Nxd4 {[%clk 1:32:18]} Nf6 {[%clk 1:31:57]} 5.Nc3 {[%clk 1:32:44]}
a6 {[%clk 1:32:22]} 6.Be3 {[%clk 1:33:09]} e5 {[%clk 1:32:07]}
7.Nb3 {[%clk 1:33:34]} Be7 {[%clk 1:29:47]} 8.h3 {[%clk 1:33:59]}
Nbd7 {[%clk 1:28:47]} 9.a4 {[%clk 1:33:25]} Qc7 {[%clk 1:21:28]}
10.g4 {[%clk 1:09:07]} h6 {[%clk 1:21:10]} 11.h4 {[%clk 1:09:33]}
Nb6 {[%clk 0:56:49]} 12.Rg1 {[%clk 0:58:13]} Be6 {[%clk 0:45:51]}
13.g5 {[%clk 0:50:14]} hxg5 {[%clk 0:45:28]} 14.hxg5 {[%clk 0:50:40]}
Nfd7 {[%clk 0:45:51]} 15.g6 {[%clk 0:42:46]} Nf6 {[%clk 0:44:49]}
16.gxf7+ {[%clk 0:41:59]} Kxf7 {[%clk 0:45:16]} 17.Qf3 {[%clk 0:38:48]}
Nc4 {[%clk 0:42:03]} 18.Bxc4 {[%clk 0:32:15]} Qxc4 {[%clk 0:42:11]}
19.Qg2 {[%clk 0:27:09]} Rag8 {[%clk 0:41:44]} 20.Nd2 {[%clk 0:24:49]}
Qb4 {[%clk 0:35:24]} 21.O-O-O {[%clk 0:24:35]} g5 {[%clk 0:31:44]}
22.Rh1 {[%clk 0:17:58]} g4 {[%clk 0:30:13]} 23.f4 {[%clk 0:13:43]}
Rh3 {[%clk 0:20:00]} 24.f5 {[%clk 0:12:54]} Rxe3 {[%clk 0:14:51]}
25.fxe6+ {[%clk 0:13:19]} Kxe6 {[%clk 0:14:08]} 26.Qf2 {[%clk 0:11:35]}
Rxc3 {[%clk 0:14:34]} 27.Qf5+ {[%clk 0:12:01]} Kf7 {[%clk 0:15:01]}
28.bxc3 {[%clk 0:12:25]} Qxc3 {[%clk 0:15:29]} 29.Rdf1 {[%clk 0:12:01]}
Ke8 {[%clk 0:09:37]} 30.Qe6 {[%clk 0:10:26]} Rf8 {[%clk 0:10:06]}
31.Rh6 {[%clk 0:09:35]} Nd7 {[%clk 0:08:33]} 32.Rxf8+ {[%clk 0:08:37]}
Nxf8 {[%clk 0:09:02]} 33.Qxg4 {[%clk 0:08:58]} Kd8 {[%clk 0:06:20]}
34.Rh3 {[%clk 0:08:05]} Qa1+ {[%clk 0:03:36]} 35.Nb1 {[%clk 0:08:31]}
b5 {[%clk 0:01:12]} 36.axb5 {[%clk 0:08:18]} Qa5 {[%clk 0:01:24]}
37.bxa6 {[%clk 0:06:58]} Qxa6 {[%clk 0:01:47]} 38.Ra3 {[%clk 0:07:10]}
Qc6 {[%clk 0:01:51]} 39.Nc3 {[%clk 0:07:23]} d5 {[%clk 0:01:51]}
40.Rb3 {[%clk 0:37:49]} 1-0

[Event "Russian Higher League 2021"]
[Site "?"]
[Date "2021.06.28"]
[Round "3.2"]
[White "Alekseev, Evgeny"]
[Black "Chigaev, Maksim"]
[Result "1/2-1/2"]
[WhiteElo "2605"]
[BlackElo "2630"]
[Annotator ""]
[Source ""]
[Remark ""]

1.e4 {[%clk 1:30:58]} c5 {[%clk 1:30:52]} 2.Nf3 {[%clk 1:31:16]}
d6 {[%clk 1:31:15]} 3.Bb5+ {[%clk 1:30:05]} Nd7 {[%clk 1:31:27]}
4.d4 {[%clk 1:28:56]} cxd4 {[%clk 1:31:45]} 5.Qxd4 {[%clk 1:28:25]}
a6 {[%clk 1:31:05]} 6.Bxd7+ {[%clk 1:13:25]} Bxd7 {[%clk 1:30:14]}
7.c4 {[%clk 1:12:24]} Nf6 {[%clk 1:29:28]} 8.Nc3 {[%clk 1:08:20]}
e6 {[%clk 1:18:04]} 9.O-O {[%clk 1:02:53]} Be7 {[%clk 1:14:54]}
10.a4 {[%clk 0:57:03]} O-O {[%clk 1:07:56]} 11.Qd3 {[%clk 0:55:36]}
Bc6 {[%clk 1:06:34]} 12.Nd4 {[%clk 0:44:04]} Rc8 {[%clk 1:05:34]}
13.b3 {[%clk 0:37:32]} Qa5 {[%clk 1:01:41]} 14.Bd2 {[%clk 0:32:28]}
Qh5 {[%clk 0:59:26]} 15.Rfe1 {[%clk 0:29:05]} Ng4 {[%clk 0:53:45]}
16.h3 {[%clk 0:27:44]} Ne5 {[%clk 0:53:53]} 17.Qe2 {[%clk 0:23:46]}
Qxe2 {[%clk 0:53:24]} 18.Rxe2 {[%clk 0:22:27]} Bd7 {[%clk 0:53:44]}
19.Be3 {[%clk 0:19:33]} Nc6 {[%clk 0:40:36]} 20.Rd2 {[%clk 0:17:23]}
Nxd4 {[%clk 0:34:37]} 21.Bxd4 {[%clk 0:17:03]} Bc6 {[%clk 0:29:59]}
22.Re2 {[%clk 0:12:51]} f6 {[%clk 0:20:53]} 23.f3 {[%clk 0:10:39]}
Kf7 {[%clk 0:21:08]} 24.Rd1 {[%clk 0:10:24]} g5 {[%clk 0:17:55]}
25.Bf2 {[%clk 0:08:55]} h5 {[%clk 0:15:33]} 26.Bg3 {[%clk 0:09:11]}
e5 {[%clk 0:15:24]} 27.Nd5 {[%clk 0:08:25]} Bxd5 {[%clk 0:15:19]}
28.Rxd5 {[%clk 0:08:27]} Ke6 {[%clk 0:14:37]} 29.Kf2 {[%clk 0:06:50]}
Rc5 {[%clk 0:08:49]} 30.Rxc5 {[%clk 0:03:42]} dxc5 {[%clk 0:09:14]}
31.Rd2 {[%clk 0:03:51]} h4 {[%clk 0:05:03]} 32.Bh2 {[%clk 0:04:18]}
b5 {[%clk 0:04:45]} 33.axb5 {[%clk 0:04:19]} axb5 {[%clk 0:05:11]}
34.Ke2 {[%clk 0:03:24]} bxc4 {[%clk 0:04:35]} 35.bxc4 {[%clk 0:03:50]}
Ra8 {[%clk 0:04:32]} 36.Bg1 {[%clk 0:04:07]} Ra4 {[%clk 0:04:37]}
37.Rc2 {[%clk 0:04:02]} Bd6 {[%clk 0:04:02]} 38.Be3 {[%clk 0:04:20]}
Kd7 {[%clk 0:04:27]} 39.Bd2 {[%clk 0:03:35]} Kc6 {[%clk 0:04:35]}
40.Be1 {[%clk 0:31:09]} Ra8 {[%clk 0:34:39]} 41.Bf2 {[%clk 0:29:48]}
Bc7 {[%clk 0:31:42]} 42.Be1 {[%clk 0:28:52]} Ra1 {[%clk 0:30:49]}
43.Bc3 {[%clk 0:28:03]} Ra4 {[%clk 0:27:57]} 44.Kd3 {[%clk 0:23:38]}
Ra3 {[%clk 0:25:36]} 45.Kd2 {[%clk 0:23:36]} Ba5 {[%clk 0:24:53]}
46.Bxa5 {[%clk 0:23:06]} Rxa5 {[%clk 0:25:16]} 47.Kc3 {[%clk 0:20:58]}
Ra3+ {[%clk 0:25:05]} 48.Kb2 {[%clk 0:20:30]} Rd3 {[%clk 0:25:21]}
49.Rc3 {[%clk 0:20:40]} Rd4 {[%clk 0:24:41]} 50.Rc1 {[%clk 0:18:36]}
Rd2+ {[%clk 0:22:15]} 51.Rc2 {[%clk 0:19:01]} Rd3 {[%clk 0:21:13]}
52.Rc3 {[%clk 0:19:18]} Rd8 {[%clk 0:21:34]} 53.Rc1 {[%clk 0:18:11]}
Rd2+ {[%clk 0:20:50]} 1/2-1/2

[Event "Russian Higher League 2021"]
[Site "?"]
[Date "2021.06.28"]
[Round "3.3"]
[White "Predke, Alexandr"]
[Black "Timofeev, Artyom"]
[Result "1/2-1/2"]
[WhiteElo "2683"]
[BlackElo "2595"]
[Annotator ""]
[Source ""]
[Remark ""]

1.Nf3 {[%clk 1:23:57]} d5 {[%clk 1:27:08]} 2.c4 {[%clk 1:24:22]}
d4 {[%clk 1:20:37]} 3.b4 {[%clk 1:24:47]} Bg4 {[%clk 1:15:21]}
4.g3 {[%clk 1:21:54]} Bxf3 {[%clk 1:12:41]} 5.exf3 {[%clk 1:22:16]}
e5 {[%clk 1:13:01]} 6.Qa4+ {[%clk 1:03:15]} Qd7 {[%clk 1:09:44]}
7.b5 {[%clk 1:03:32]} Nf6 {[%clk 1:06:48]} 8.d3 {[%clk 0:49:38]}
Qf5 {[%clk 0:52:48]} 9.Nd2 {[%clk 0:36:05]} Nbd7 {[%clk 0:50:16]}
10.h4 {[%clk 0:36:32]} h5 {[%clk 0:39:14]} 11.Rb1 {[%clk 0:31:10]}
Nc5 {[%clk 0:36:49]} 12.Qc2 {[%clk 0:31:35]} Nfd7 {[%clk 0:36:51]}
13.Be2 {[%clk 0:23:43]} Be7 {[%clk 0:35:55]} 14.Ne4 {[%clk 0:23:19]}
Ne6 {[%clk 0:35:32]} 15.a4 {[%clk 0:19:39]} Qg6 {[%clk 0:34:30]}
16.f4 {[%clk 0:19:28]} exf4 {[%clk 0:31:14]} 17.gxf4 {[%clk 0:19:16]}
Bd6 {[%clk 0:28:01]} 18.c5 {[%clk 0:11:49]} Ndxc5 {[%clk 0:23:49]}
19.Bf3 {[%clk 0:12:05]} Rd8 {[%clk 0:18:14]} 20.Kf1 {[%clk 0:11:38]}
b6 {[%clk 0:16:54]} 21.Bd2 {[%clk 0:08:49]} Kf8 {[%clk 0:16:15]}
22.Re1 {[%clk 0:03:43]} Qf5 {[%clk 0:14:38]} 23.Nxd6 {[%clk 0:00:56]}
cxd6 {[%clk 0:14:58]} 24.Be4 {[%clk 0:01:25]} Qg4 {[%clk 0:11:35]}
25.f5 {[%clk 0:01:51]} Nxe4 {[%clk 0:10:52]} 26.fxe6 {[%clk 0:01:59]}
Ng3+ {[%clk 0:09:44]} 27.fxg3 {[%clk 0:02:05]} Qf3+ {[%clk 0:10:09]}
28.Kg1 {[%clk 0:02:33]} Qxg3+ {[%clk 0:10:32]} 29.Kf1 {[%clk 0:03:01]}
Qf3+ {[%clk 0:10:54]} 30.Kg1 {[%clk 0:03:28]} Qg3+ {[%clk 0:11:17]}
31.Kf1 {[%clk 0:03:55]} Qf3+ {[%clk 0:11:41]} 32.Kg1 {[%clk 0:04:21]}
Qg3+ {[%clk 0:12:03]} 33.Kf1 {[%clk 0:03:52]} 1/2-1/2

[Event "Russian Higher League 2021"]
[Site "?"]
[Date "2021.06.28"]
[Round "3.4"]
[White "Dreev, Aleksey"]
[Black "Rozum, Ivan"]
[Result "1/2-1/2"]
[WhiteElo "2647"]
[BlackElo "2549"]
[Annotator ""]
[Source ""]
[Remark ""]

1.d4 Nf6 2.c4 e6 3.Nc3 Bb4 4.Qc2 d5 5.a3 Bxc3+ 6.Qxc3 Ne4 7.Qc2
c5 8.dxc5 Nc6 9.Nf3 Qa5+ 10.Bd2 Qxc5 11.e3 Nxd2 12.Nxd2 Bd7 13.b4
Qe7 14.Qb2 O-O 15.b5 Na5 16.cxd5 exd5 17.Qb4 Qf6 18.Rd1 b6 19.Be2
Rac8 20.Nf3 Be6 21.Nd4 Rc5 22.O-O Rfc8 23.Rfe1 Bd7 24.a4 g6 25.Bf3
Qe5 26.Qb1 Rc4 27.Qa2 R8c5 28.h3 Bf5 29.Nxf5 Qxf5 30.Rd2 Rc1
31.Red1 Rxd1+ 32.Rxd1 Nc4 33.Qb3 h5 34.Rd4 Ne5 35.Bxd5 Rc1+ 36.Rd1
Nd3 37.Bf3 Nc5 38.Qb2 Rxd1+ 39.Bxd1 Qe4 40.Qc2 Qb4 41.g3 Qe1+
42.Kg2 Qb4 43.Kf1 Kf8 44.Kg2 Kg8 45.Bf3 Qxa4 46.Qxa4 Nxa4 47.Bd5
Kg7 48.Kf3 f5 49.e4 fxe4+ 50.Bxe4 Nc5 51.h4 1/2-1/2

[Event "Russian Higher League 2021"]
[Site "?"]
[Date "2021.06.28"]
[Round "3.5"]
[White "Motylev, Alexander"]
[Black "Lobanov, Sergei"]
[Result "1-0"]
[WhiteElo "2639"]
[BlackElo "2514"]
[Annotator ""]
[Source ""]
[Remark ""]

1.d4 {[%clk 1:30:55]} Nf6 {[%clk 1:30:15]} 2.c4 {[%clk 1:31:20]}
e6 {[%clk 1:28:58]} 3.g3 {[%clk 1:31:36]} d5 {[%clk 1:29:18]}
4.Bg2 {[%clk 1:31:53]} Be7 {[%clk 1:29:32]} 5.Nf3 {[%clk 1:32:15]}
O-O {[%clk 1:29:58]} 6.O-O {[%clk 1:32:30]} dxc4 {[%clk 1:30:23]}
7.Qc2 {[%clk 1:32:48]} a6 {[%clk 1:30:42]} 8.a4 {[%clk 1:32:48]}
Bd7 {[%clk 1:30:58]} 9.Qxc4 {[%clk 1:32:54]} Bc6 {[%clk 1:31:06]}
10.Bf4 {[%clk 1:33:17]} Nbd7 {[%clk 1:25:26]} 11.Qc2 {[%clk 1:31:20]}
Nb6 {[%clk 1:04:17]} 12.a5 {[%clk 1:15:24]} Nbd5 {[%clk 1:00:56]}
13.Bd2 {[%clk 1:15:08]} Bb5 {[%clk 0:57:40]} 14.Re1 {[%clk 1:12:34]}
Nb4 {[%clk 0:55:12]} 15.Qb3 {[%clk 1:00:11]} Qd5 {[%clk 0:50:24]}
16.Qd1 {[%clk 0:55:57]} Qf5 {[%clk 0:41:29]} 17.Nc3 {[%clk 0:53:10]}
Qc2 {[%clk 0:35:25]} 18.Nxb5 {[%clk 0:42:21]} axb5 {[%clk 0:35:42]}
19.Ne5 {[%clk 0:42:29]} Nfd5 {[%clk 0:35:08]} 20.e4 {[%clk 0:24:06]}
Nf6 {[%clk 0:34:51]} 21.Bxb4 {[%clk 0:16:29]} Qxd1 {[%clk 0:35:14]}
22.Rexd1 {[%clk 0:16:56]} Bxb4 {[%clk 0:35:40]} 23.a6 {[%clk 0:16:54]}
Rxa6 {[%clk 0:28:45]} 24.Rxa6 {[%clk 0:16:57]} bxa6 {[%clk 0:29:13]}
25.Nc6 {[%clk 0:15:45]} a5 {[%clk 0:29:36]} 26.e5 {[%clk 0:14:00]}
Nd5 {[%clk 0:27:57]} 27.Bxd5 {[%clk 0:10:55]} exd5 {[%clk 0:28:25]}
28.Rc1 {[%clk 0:11:18]} Rc8 {[%clk 0:13:01]} 29.Na7 {[%clk 0:09:35]}
Rb8 {[%clk 0:11:47]} 30.Rxc7 {[%clk 0:09:47]} Bf8 {[%clk 0:12:15]}
31.Nc6 {[%clk 0:09:16]} Ra8 {[%clk 0:12:44]} 32.Rb7 {[%clk 0:08:15]} 1-0

[Event "Russian Higher League 2021"]
[Site "?"]
[Date "2021.06.28"]
[Round "3.6"]
[White "Paravyan, David"]
[Black "Murzin, Volodar"]
[Result "1/2-1/2"]
[WhiteElo "2629"]
[BlackElo "2502"]
[Annotator ""]
[Source ""]
[Remark ""]

1.c4 {[%clk 1:30:21]} Nf6 {[%clk 1:30:58]} 2.Nc3 {[%clk 1:30:44]}
g6 {[%clk 1:31:17]} 3.e4 {[%clk 1:31:07]} d6 {[%clk 1:31:41]}
4.d4 {[%clk 1:31:32]} Bg7 {[%clk 1:32:06]} 5.Nf3 {[%clk 1:31:58]}
O-O {[%clk 1:32:28]} 6.Bd3 {[%clk 1:32:26]} e5 {[%clk 1:28:32]}
7.d5 {[%clk 1:32:51]} a5 {[%clk 1:27:57]} 8.O-O {[%clk 1:33:14]}
Nbd7 {[%clk 1:27:56]} 9.Bc2 {[%clk 1:32:26]} Nc5 {[%clk 1:26:23]}
10.a3 {[%clk 1:27:02]} Bd7 {[%clk 1:25:48]} 11.Be3 {[%clk 1:26:48]}
Ng4 {[%clk 1:25:26]} 12.Bxc5 {[%clk 1:17:49]} dxc5 {[%clk 1:25:48]}
13.Ba4 {[%clk 1:15:57]} Re8 {[%clk 1:23:39]} 14.Qb3 {[%clk 0:55:40]}
Bxa4 {[%clk 1:22:55]} 15.Nxa4 {[%clk 0:53:45]} b6 {[%clk 1:22:45]}
16.Qb5 {[%clk 0:53:18]} Bf8 {[%clk 1:22:47]} 17.Rae1 {[%clk 0:48:05]}
Bd6 {[%clk 1:18:14]} 18.Re2 {[%clk 0:47:46]} f5 {[%clk 1:10:05]}
19.Nc3 {[%clk 0:42:31]} Nh6 {[%clk 1:08:49]} 20.h3 {[%clk 0:34:23]}
Nf7 {[%clk 1:07:05]} 21.Qb3 {[%clk 0:32:09]} f4 {[%clk 1:01:07]}
22.g4 {[%clk 0:26:00]} Kg7 {[%clk 0:56:17]} 23.Nb5 {[%clk 0:19:56]}
Rh8 {[%clk 0:45:56]} 24.Qc3 {[%clk 0:14:25]} g5 {[%clk 0:43:21]}
25.Ne1 {[%clk 0:11:58]} h5 {[%clk 0:42:10]} 26.f3 {[%clk 0:12:26]}
Rh6 {[%clk 0:37:17]} 27.Nd3 {[%clk 0:08:46]} a4 {[%clk 0:26:23]}
28.Rg2 {[%clk 0:08:25]} Qe7 {[%clk 0:16:37]} 29.Kf2 {[%clk 0:08:28]}
hxg4 {[%clk 0:16:51]} 30.hxg4 {[%clk 0:08:54]} Nh8 {[%clk 0:17:04]}
31.Ke2 {[%clk 0:08:06]} Ng6 {[%clk 0:16:49]} 32.Qc2 {[%clk 0:08:08]}
Rh3 {[%clk 0:15:52]} 33.Rgf2 {[%clk 0:08:18]} Qd7 {[%clk 0:15:04]}
34.Kd1 {[%clk 0:06:27]} Nh4 {[%clk 0:14:40]} 35.Ne1 {[%clk 0:05:41]}
Ra5 {[%clk 0:09:48]} 36.Kc1 {[%clk 0:05:24]} Be7 {[%clk 0:09:01]}
37.Nc3 {[%clk 0:05:09]} Ra8 {[%clk 0:07:57]} 38.Kb1 {[%clk 0:04:19]}
Ng6 {[%clk 0:07:37]} 39.Rh2 {[%clk 0:02:18]} Rh4 {[%clk 0:08:02]}
40.Nd3 {[%clk 0:31:47]} Bd6 {[%clk 0:36:26]} 41.Nb5 {[%clk 0:26:58]}
Be7 {[%clk 0:35:39]} 42.Ka1 {[%clk 0:23:11]} Bd6 {[%clk 0:33:03]}
43.Nc1 {[%clk 0:22:05]} Kf6 {[%clk 0:32:00]} 44.Na2 {[%clk 0:19:59]}
Qc8 {[%clk 0:31:40]} 45.Nac3 {[%clk 0:19:52]} Qa6 {[%clk 0:32:01]}
46.Ka2 {[%clk 0:16:21]} Ke7 {[%clk 0:31:06]} 47.Rd1 {[%clk 0:15:00]}
Kf6 {[%clk 0:30:33]} 48.Rd3 {[%clk 0:14:02]} Ke7 {[%clk 0:29:58]}
49.Rd1 {[%clk 0:08:31]} Kf6 {[%clk 0:29:47]} 50.Rd3 {[%clk 0:08:57]}
Ke7 {[%clk 0:30:08]} 1/2-1/2

[Event "Russian Higher League 2021"]
[Site "?"]
[Date "2021.06.28"]
[Round "3.7"]
[White "Lysyj, Igor"]
[Black "Zakhartsov, Vladimir"]
[Result "1/2-1/2"]
[WhiteElo "2605"]
[BlackElo "2506"]
[Annotator ""]
[Source ""]
[Remark ""]

1.d4 {[%clk 1:30:56]} Nf6 {[%clk 1:30:53]} 2.c4 {[%clk 1:31:23]}
e6 {[%clk 1:31:16]} 3.Nf3 {[%clk 1:31:48]} d5 {[%clk 1:31:39]}
4.g3 {[%clk 1:32:06]} dxc4 {[%clk 1:31:48]} 5.Bg2 {[%clk 1:32:30]}
c5 {[%clk 1:32:08]} 6.O-O {[%clk 1:32:37]} Nc6 {[%clk 1:32:31]}
7.dxc5 {[%clk 1:32:55]} Qxd1 {[%clk 1:32:53]} 8.Rxd1 {[%clk 1:33:21]}
Bxc5 {[%clk 1:33:17]} 9.Nbd2 {[%clk 1:33:39]} c3 {[%clk 1:33:40]}
10.bxc3 {[%clk 1:34:02]} O-O {[%clk 1:34:04]} 11.Nb3 {[%clk 1:31:41]}
Be7 {[%clk 1:34:26]} 12.c4 {[%clk 1:31:53]} Bd7 {[%clk 1:24:29]}
13.Bb2 {[%clk 1:31:37]} Rfd8 {[%clk 1:23:21]} 14.Nfd4 {[%clk 1:31:31]}
Nxd4 {[%clk 1:06:04]} 15.Bxd4 {[%clk 1:29:32]} Bc6 {[%clk 1:05:58]}
16.Bxc6 {[%clk 1:26:55]} bxc6 {[%clk 1:06:24]} 17.Na5 {[%clk 1:26:41]}
c5 {[%clk 0:56:56]} 18.Be5 {[%clk 1:15:57]} Rac8 {[%clk 0:55:43]}
19.Rab1 {[%clk 0:57:38]} Nd7 {[%clk 0:52:50]} 20.Bd6 {[%clk 0:55:42]}
Bxd6 {[%clk 0:52:02]} 21.Rxd6 {[%clk 0:55:33]} Nb6 {[%clk 0:51:41]}
22.Rxd8+ {[%clk 0:52:27]} Rxd8 {[%clk 0:52:09]} 23.Nc6 {[%clk 0:52:17]}
Ra8 {[%clk 0:51:08]} 24.Rb5 {[%clk 0:44:41]} Kf8 {[%clk 0:48:54]}
25.f4 {[%clk 0:41:35]} Ke8 {[%clk 0:46:02]} 26.Kf2 {[%clk 0:40:11]}
f6 {[%clk 0:19:27]} 27.Nxa7 {[%clk 0:28:19]} Nxc4 {[%clk 0:19:48]}
28.Rb7 {[%clk 0:28:31]} Kf8 {[%clk 0:20:13]} 29.a4 {[%clk 0:24:41]}
Na5 {[%clk 0:19:18]} 30.Rc7 {[%clk 0:23:35]} Nb3 {[%clk 0:19:43]}
31.Ke1 {[%clk 0:17:27]} Rb8 {[%clk 0:18:17]} 32.Nb5 {[%clk 0:14:55]}
Ra8 {[%clk 0:17:18]} 33.Na7 {[%clk 0:15:18]} Rb8 {[%clk 0:17:40]}
34.Nb5 {[%clk 0:15:33]} Ra8 {[%clk 0:18:05]} 35.Nc3 {[%clk 0:15:48]}
Rb8 {[%clk 0:13:01]} 36.Ra7 {[%clk 0:11:41]} Nd4 {[%clk 0:12:46]}
37.Rc7 {[%clk 0:10:54]} Nb3 {[%clk 0:12:24]} 38.Ra7 {[%clk 0:10:37]}
Nd4 {[%clk 0:12:44]} 39.Kd2 {[%clk 0:06:18]} c4 {[%clk 0:09:24]}
40.Rc7 {[%clk 0:32:48]} Rb4 {[%clk 0:36:01]} 41.Kd1 {[%clk 0:27:28]}
Nb3 {[%clk 0:35:47]} 42.g4 {[%clk 0:25:45]} h6 {[%clk 0:32:56]}
43.f5 {[%clk 0:21:25]} exf5 {[%clk 0:31:48]} 44.gxf5 {[%clk 0:21:51]}
Kg8 {[%clk 0:31:53]} 45.e3 {[%clk 0:19:47]} h5 {[%clk 0:32:13]}
46.h4 {[%clk 0:19:44]} Kh7 {[%clk 0:26:45]} 47.Nd5 {[%clk 0:14:59]}
Rxa4 {[%clk 0:27:07]} 48.Nxf6+ {[%clk 0:15:25]} Kh6 {[%clk 0:27:33]}
49.Ng8+ {[%clk 0:15:50]} Kh7 {[%clk 0:27:59]} 50.Nf6+ {[%clk 0:16:16]}
Kh6 {[%clk 0:28:26]} 51.Ne4 {[%clk 0:16:43]} Ra8 {[%clk 0:23:55]}
52.Rxc4 {[%clk 0:14:36]} Na5 {[%clk 0:22:44]} 53.Ra4 {[%clk 0:12:37]}
Rd8+ {[%clk 0:23:01]} 54.Ke2 {[%clk 0:12:55]} Rd5 {[%clk 0:23:27]}
55.Ng3 {[%clk 0:12:38]} Rc5 {[%clk 0:16:13]} 56.Rd4 {[%clk 0:12:15]}
Kh7 {[%clk 0:14:42]} 57.Rd7 {[%clk 0:08:47]} Kh6 {[%clk 0:11:40]}
58.e4 {[%clk 0:07:13]} g6 {[%clk 0:09:22]} 59.Rd6 {[%clk 0:06:16]}
Rc6 {[%clk 0:09:28]} 60.Rd5 {[%clk 0:06:14]} Nb3 {[%clk 0:09:09]}
61.fxg6 {[%clk 0:06:15]} Kxg6 {[%clk 0:09:02]} 62.Rg5+ {[%clk 0:05:44]}
Kf7 {[%clk 0:09:28]} 63.Rxh5 {[%clk 0:05:41]} Rc3 {[%clk 0:09:37]}
64.Rf5+ {[%clk 0:05:00]} Ke6 {[%clk 0:09:53]} 65.Rg5 {[%clk 0:05:19]}
Nd4+ {[%clk 0:10:03]} 66.Kf2 {[%clk 0:05:38]} Nf3 {[%clk 0:08:12]}
67.Rg6+ {[%clk 0:05:37]} Ke5 {[%clk 0:07:09]} 68.h5 {[%clk 0:06:02]}
Nd2 {[%clk 0:06:35]} 69.Rg4 {[%clk 0:06:13]} Rc6 {[%clk 0:03:55]}
70.Ke2 {[%clk 0:05:00]} Nb1 {[%clk 0:03:38]} 71.Rh4 {[%clk 0:04:39]}
Rc2+ {[%clk 0:03:09]} 72.Kf3 {[%clk 0:03:33]} Rc8 {[%clk 0:01:35]}
73.h6 {[%clk 0:03:48]} Nd2+ {[%clk 0:01:54]} 74.Ke3 {[%clk 0:03:47]}
Nc4+ {[%clk 0:02:19]} 75.Kd3 {[%clk 0:03:40]} Kf6 {[%clk 0:02:00]}
76.Kd4 {[%clk 0:02:23]} Ne5 {[%clk 0:02:26]} 77.Rf4+ {[%clk 0:02:42]}
Ke6 {[%clk 0:02:54]} 78.Nh5 {[%clk 0:02:06]} Rd8+ {[%clk 0:02:50]}
79.Ke3 {[%clk 0:02:27]} Rh8 {[%clk 0:02:08]} 80.Ng7+ {[%clk 0:02:44]}
Ke7 {[%clk 0:02:10]} 81.Nf5+ {[%clk 0:03:02]} Kf6 {[%clk 0:02:30]}
82.Rh4 {[%clk 0:01:54]} Kg5 {[%clk 0:02:20]} 83.Rh1 {[%clk 0:01:37]}
Ng4+ {[%clk 0:02:40]} 84.Kf3 {[%clk 0:01:27]} Ne5+ {[%clk 0:03:03]}
85.Ke3 {[%clk 0:01:53]} Ng4+ {[%clk 0:03:30]} 86.Kf3 {[%clk 0:02:20]}
Ne5+ {[%clk 0:03:44]} 87.Kg3 {[%clk 0:02:40]} Ng4 {[%clk 0:03:13]}
88.Ra1 {[%clk 0:02:13]} Nf6 {[%clk 0:03:25]} 89.Kf3 {[%clk 0:01:21]}
Nxe4 {[%clk 0:03:34]} 90.Kxe4 {[%clk 0:01:23]} Re8+ {[%clk 0:04:01]}
91.Kd5 {[%clk 0:01:46]} 1/2-1/2

[Event "Russian Higher League 2021"]
[Site "?"]
[Date "2021.06.28"]
[Round "3.8"]
[White "Kobalia, Mikhail"]
[Black "Shimanov, Aleksandr"]
[Result "1-0"]
[WhiteElo "2596"]
[BlackElo "2597"]
[Annotator ""]
[Source ""]
[Remark ""]

1.e4 {[%clk 1:30:57]} c5 {[%clk 1:30:04]} 2.Nf3 {[%clk 1:31:15]}
d6 {[%clk 1:30:28]} 3.d4 {[%clk 1:29:59]} cxd4 {[%clk 1:30:52]}
4.Qxd4 {[%clk 1:30:17]} Nc6 {[%clk 1:30:19]} 5.Qe3 {[%clk 1:30:39]}
g6 {[%clk 1:29:51]} 6.Be2 {[%clk 1:30:30]} Bg7 {[%clk 1:29:57]}
7.O-O {[%clk 1:30:54]} Nf6 {[%clk 1:30:15]} 8.Rd1 {[%clk 1:27:48]}
O-O {[%clk 1:29:55]} 9.Nc3 {[%clk 1:28:01]} Bg4 {[%clk 1:29:28]}
10.Nd5 {[%clk 1:24:31]} Nd7 {[%clk 1:29:12]} 11.Ne1 {[%clk 1:21:30]}
Bxe2 {[%clk 1:23:46]} 12.Qxe2 {[%clk 1:21:45]} e6 {[%clk 1:19:48]}
13.Ne3 {[%clk 1:13:37]} Qc7 {[%clk 1:09:49]} 14.c3 {[%clk 1:12:57]}
Nf6 {[%clk 1:05:03]} 15.Ng4 {[%clk 1:12:02]} Nxg4 {[%clk 0:50:13]}
16.Qxg4 {[%clk 1:12:24]} Ne5 {[%clk 0:50:32]} 17.Qe2 {[%clk 1:08:54]}
Rac8 {[%clk 0:39:08]} 18.Bf4 {[%clk 0:55:28]} Rfd8 {[%clk 0:34:37]}
19.h3 {[%clk 0:50:39]} a6 {[%clk 0:31:33]} 20.Nf3 {[%clk 0:44:50]}
Qc4 {[%clk 0:28:41]} 21.Qe3 {[%clk 0:44:37]} Nxf3+ {[%clk 0:25:48]}
22.Qxf3 {[%clk 0:44:22]} d5 {[%clk 0:25:59]} 23.exd5 {[%clk 0:44:43]}
Rxd5 {[%clk 0:25:55]} 24.Rxd5 {[%clk 0:45:09]} exd5 {[%clk 0:25:34]}
25.Be3 {[%clk 0:23:48]} Qb5 {[%clk 0:23:09]} 26.Rd1 {[%clk 0:21:12]}
Qxb2 {[%clk 0:22:16]} 27.Qxd5 {[%clk 0:21:29]} Bxc3 {[%clk 0:20:02]}
28.Qd7 {[%clk 0:17:56]} Rf8 {[%clk 0:16:15]} 29.Bc5 {[%clk 0:16:07]}
Ra8 {[%clk 0:16:17]} 30.a4 {[%clk 0:16:19]} h5 {[%clk 0:15:44]}
31.g3 {[%clk 0:13:19]} Qc2 {[%clk 0:11:22]} 32.Rd3 {[%clk 0:08:59]}
Bf6 {[%clk 0:08:23]} 33.Qxb7 {[%clk 0:07:29]} Re8 {[%clk 0:07:14]}
34.Qxa6 {[%clk 0:05:16]} Re1+ {[%clk 0:04:17]} 35.Kh2 {[%clk 0:02:05]}
h4 {[%clk 0:03:27]} 36.Qd6 {[%clk 0:01:20]} Be7 {[%clk 0:01:10]}
37.Qb8+ {[%clk 0:01:42]} Kh7 {[%clk 0:01:36]} 38.Bd4 {[%clk 0:02:03]}
Bf6 {[%clk 0:01:57]} 39.Qa7 {[%clk 0:00:33]} hxg3+ {[%clk 0:00:45]}
40.Rxg3 {[%clk 0:30:33]} Qe4 {[%clk 0:30:33]} 41.Qxf7+ {[%clk 0:28:32]}
Kh6 {[%clk 0:30:07]} 42.Be3+ {[%clk 0:27:43]} Rxe3 {[%clk 0:28:33]}
43.Rxe3 {[%clk 0:27:35]} 1-0